Bài tập cơ bản nâng cao vật lý 10
Sách trình bày một số kiến thức cơ bản và bổ sung, các bài tập thí dụ theo từng chủ đề, các bài tập chọn lọc để các bạn luyện tập. Hướng dẫn giải và đáp số các bài tập....
Wedi'i Gadw mewn:
| Prif Awdur: | |
|---|---|
| Fformat: | Llyfr |
| Iaith: | Undetermined |
| Cyhoeddwyd: |
Hà Nội
Đại Học Quốc Gia
1999
|
| Pynciau: | |
| Tagiau: |
Ychwanegu Tag
Dim Tagiau, Byddwch y cyntaf i dagio'r cofnod hwn!
|
| Thư viện lưu trữ: | Trung tâm Học liệu Trường Đại học Cần Thơ |
|---|
| LEADER | 01024nam a2200253Ia 4500 | ||
|---|---|---|---|
| 001 | CTU_36981 | ||
| 008 | 210402s9999 xx 000 0 und d | ||
| 020 | |b 20.000đ | ||
| 020 | |c 20000 | ||
| 082 | |a 530.07 | ||
| 082 | |b Kh308/L.10 | ||
| 100 | |a Vũ, Thanh Khiết | ||
| 245 | 0 | |a Bài tập cơ bản nâng cao vật lý 10 | |
| 245 | 0 | |c Vũ Thanh Khiết | |
| 260 | |a Hà Nội | ||
| 260 | |b Đại Học Quốc Gia | ||
| 260 | |c 1999 | ||
| 520 | |a Sách trình bày một số kiến thức cơ bản và bổ sung, các bài tập thí dụ theo từng chủ đề, các bài tập chọn lọc để các bạn luyện tập. Hướng dẫn giải và đáp số các bài tập.... | ||
| 526 | |a Phương pháp giảng dạy bài tập vật lý phổ thông | ||
| 526 | |b SP361 | ||
| 650 | |a Physics | ||
| 650 | |x Study and teaching ( secondary ) | ||
| 904 | |i Minh | ||
| 980 | |a Trung tâm Học liệu Trường Đại học Cần Thơ | ||